000 00707nam a2200205 i 4500
001 46130
003 ES-MaACL
005 20250828084003.0
007 t|
008 030328s1952 sz ||||1| fre d
111 0 0 _aConférence Internationale de l'Instruction Publique (
_n15ª.
_d1952.
_cGinebra)
_9149
245 1 0 _aProcés-verbaux et recommandation.
260 _aGenève :
_b[s.n.,
_c1952]
300 _a147 p. ;
_c24 cm.
490 1 _aPublications du Bureau International d'Education ;
_v142
710 2 0 _aOficina Internacional de Educación
_96022
830 0 _aPublications du Bureau International d'Education ;
_v142
_9181740
852 _aES-MaACL
_jC-12665
_bR.33101
999 _c46130
_d46130